Prof. Dr. Lajos Nékám (1868-1957) a Corpus Iconum Morborum Cutaneorum

Bibliographic Details
Main Author: Szép, Zoltán, 1973- (Author)
Format: Article
Language:Slovak

MARC

LEADER 00000nab a2200000uu 4500
001 vtls011136262
003 SK-MaSNL
005 20260303125353.0
008 230218|2007 xo |||||||||||||||||slo|
015 |a SNBRB 
035 |a (urnnbn)urn:nbn:sk:snk:ar-007pm2 
035 |a (uuid)d844e918-2557-4278-9d34-ca0ba7d2f559 
035 |a urn:nbn:sk:snk-abap5j 
040 |a SNKBUCL  |b slo  |c SNKBUCL  |e AACR2 
041 0 |a slo 
044 |a xo  |c SK 
100 1 |a Szép, Zoltán,  |d 1973-  |4 aut  |9 208311 
245 1 0 |a Prof. Dr. Lajos Nékám (1868-1957) a Corpus Iconum Morborum Cutaneorum  |c Z. Szép 
773 0 |t Česko-slovenská dermatologie : časopis dermatovenerologických společností  |g Roč. 82, č. 4 (2007), s. 224-[230] 
954 |a odborná, vedecká literatúra pôvodná (slovenská)  |2 lita 
958 |a OND 
958 |a EUIPO 
958 |a article14 
999 |c 1934310  |d 1936240